00380nam a22001091 450008200150000010000180001524500570003326000990009030000190018949000370020865000250024500a530.11 KAT1 aKatz, Robert,13aAn introduction to the special theory of relativity. aPrinceton, N.J.,bPublished for the Commission on College Physics [by] D. Van Nostrandc[1964] a132 p.billus.0 aVan Nostrand momentum book print 0aRelativity (Physics)